Normal view
MARC view
Entry Personal Name
001 - CONTROL NUMBER
- control field: 19551
003 - CONTROL NUMBER IDENTIFIER
- control field: ARRUPE
005 - DATE AND TIME OF LATEST TRANSACTION
- control field: 20150909103801.0
008 - FIXED-LENGTH DATA ELEMENTS
- fixed length control field: 150909|| aca||aabn | a|a d
040 ## - CATALOGING SOURCE
- Original cataloging agency: ARRUPE
- Transcribing agency: ARRUPE
100 ## - HEADING--PERSONAL NAME
- Personal name: International Congress for Logic Methodology and Philosophy of Science, 1971
670 ## - SOURCE DATA FOUND
- Source citation: Work cat.: (ARRUPE): International Congress for Logic Methodology and Philosophy of Science, 1971, Abstracts, 1971